| 000 | 00636nam a22002057a 4500 | ||
|---|---|---|---|
| 005 | 20240530110929.0 | ||
| 008 | 220214s2009 ua g 000 p ara d | ||
| 017 | _bمصر. دار الكتب | ||
| 040 |
_aEG-CaGPL _cEG-CaGPL |
||
| 082 | 0 | 4 |
_221 _a811.01\ _bم س |
| 100 | 0 | _aماجدة سعدالدين | |
| 245 | 1 | 0 |
_aسفر المغيب / _cماجدة سعدالدين |
| 250 | _aط. 1 | ||
| 260 |
_aالقاهرة : _bدار النهضة العربية، _c2006 |
||
| 300 |
_a186 ص. ؛ _c24 سم. |
||
| 650 | 0 | 7 |
_2qrmak _aالشعر العربى |
| 651 | _2qrmak | ||
| 942 |
_2ddc _cBK |
||
| 999 |
_c66626 _d66626 |
||